Jean Baudrillard / (Record no. 9073)
[ view plain ]
| 000 -LEADER | |
|---|---|
| fixed length control field | 00869nac a22002291u 4500 |
| 010 ## - LIBRARY OF CONGRESS CONTROL NUMBER | |
| LC control number | 00031140 |
| 020 ## - INTERNATIONAL STANDARD BOOK NUMBER | |
| International Standard Book Number | 0415215145 |
| 020 ## - INTERNATIONAL STANDARD BOOK NUMBER | |
| International Standard Book Number | 0415215153 (pbk.) |
| 082 00 - DEWEY DECIMAL CLASSIFICATION NUMBER | |
| Classification number | 194 |
| Item number | LAN |
| 090 ## - LOCALLY ASSIGNED LC-TYPE CALL NUMBER (OCLC); LOCAL CALL NUMBER (OCLC) | |
| -- | 9073 |
| -- | 9073 |
| 100 ## - MAIN ENTRY--PERSONAL NAME | |
| Personal name | Lane, Richard J., |
| 245 10 - TITLE STATEMENT | |
| Title | Jean Baudrillard / |
| Statement of responsibility, etc | Richard J. Lane. |
| 260 ## - PUBLICATION, DISTRIBUTION, ETC. (IMPRINT) | |
| Place of publication, distribution, etc | London ; |
| -- | New York : |
| Name of publisher, distributor, etc | Routledge,C.2000. |
| Date of publication, distribution, etc | C.2000. |
| 300 ## - PHYSICAL DESCRIPTION | |
| Extent | x, 156 p. ; |
| Dimensions | 21 cm. |
| 440 #0 - | |
| -- | Routledge critical thinkers |
| 500 ## - GENERAL NOTE | |
| General note | Distributer: Al-Ahram. |
| 504 ## - BIBLIOGRAPHY, ETC. NOTE | |
| Bibliography, etc | Includes bibliographical references (p. [149]-152) and index. |
| 511 ## - PARTICIPANT OR PERFORMER NOTE | |
| Participant or performer note | Catalogued By: Mahitab. |
| 600 10 - SUBJECT ADDED ENTRY--PERSONAL NAME | |
| Personal name | Baudrillard, Jean, |
| Dates associated with a name | 1929-2007. |
| 856 42 - ELECTRONIC LOCATION AND ACCESS | |
| Materials specified | Publisher description |
| Uniform Resource Identifier | <a href="http://www.loc.gov/catdir/enhancements/fy0650/00031140-d.html">http://www.loc.gov/catdir/enhancements/fy0650/00031140-d.html</a> |
| 942 ## - ADDED ENTRY ELEMENTS (KOHA) | |
| Item type | Book - Borrowing |
| Call number prefix | 194LAN |
| Withdrawn status | Item status | Damaged status | Not for loan | Home library | Current library | Shelving location | Date acquired | Source of acquisition | Total Checkouts | Total Renewals | Full call number | Barcode | Date last seen | Date last borrowed | Koha item type |
|---|---|---|---|---|---|---|---|---|---|---|---|---|---|---|---|
| Central Library | Central Library | Lower Floor | 08/04/2013 | Purchase | 2 | 1 | 194LAN | 000011025 | 09/03/2026 | 19/09/2017 | Book - Borrowing |